NLSUI OPAC header image

They call it love : (Record no. 211942)

MARC details
000 -LEADER
fixed length control field 01663cam a2200373 i 4500
001 - CONTROL NUMBER
control field 22786988
005 - DATE AND TIME OF LATEST TRANSACTION
control field 20251016102237.0
008 - FIXED-LENGTH DATA ELEMENTS--GENERAL INFORMATION
fixed length control field 220828s2023 enk b 000 0 eng
010 ## - LIBRARY OF CONGRESS CONTROL NUMBER
LC control number 2022033522
020 ## - INTERNATIONAL STANDARD BOOK NUMBER
International Standard Book Number 9781839767036
Qualifying information (hardback)
040 ## - CATALOGING SOURCE
Original cataloging agency LBSOR/DLC
Language of cataloging eng
Description conventions rda
Transcribing agency DLC
Modifying agency DLC
042 ## - AUTHENTICATION CODE
Authentication code pcc
082 ## - DEWEY DECIMAL CLASSIFICATION NUMBER
Classification number 152.41 GOT
100 1# - MAIN ENTRY--PERSONAL NAME
Personal name Gotby, Alva,
Relator term author.
245 10 - TITLE STATEMENT
Title They call it love :
Remainder of title the politics of emotional life /
Statement of responsibility, etc. Alva Gotby.
264 #1 - PRODUCTION, PUBLICATION, DISTRIBUTION, MANUFACTURE, AND COPYRIGHT NOTICE
Place of production, publication, distribution, manufacture London ;
-- New York :
Name of producer, publisher, distributor, manufacturer Verso,
Date of production, publication, distribution, manufacture, or copyright notice 2023.
300 ## - PHYSICAL DESCRIPTION
Extent xxiii, 167 pages ;
Dimensions 22 cm
336 ## - CONTENT TYPE
Content type term text
Content type code txt
Source rdacontent
337 ## - MEDIA TYPE
Media type term unmediated
Media type code n
Source rdamedia
338 ## - CARRIER TYPE
Carrier type term volume
Carrier type code nc
Source rdacarrier
365 ## - TRADE PRICE
Price amount Rs. 1495.00
504 ## - BIBLIOGRAPHY, ETC. NOTE
Bibliography, etc. note Includes bibliographical references.
505 0# - FORMATTED CONTENTS NOTE
Formatted contents note Introduction ix -- <br/>Chapter 1: Emotional reproduction 1 -- <br/>Chapter 2: The political economy of love 28 -- <br/>Chapter 3: Gendering work 55 -- <br/>Chapter 4: Feminist emotions 90 -- <br/>Chapter 5: A different feeling 110 -- <br/>Notes 149.
520 ## - SUMMARY, ETC.
Summary, etc. "An examination of the work we call "love," who performs it, how it is organised, and how we might re-organise it"--
Assigning source Provided by publisher.
650 #0 - SUBJECT ADDED ENTRY--TOPICAL TERM
Topical term or geographic name entry element Work
General subdivision Psychological aspects.
650 #0 - SUBJECT ADDED ENTRY--TOPICAL TERM
Topical term or geographic name entry element Capitalism
General subdivision Psychological aspects.
650 #0 - SUBJECT ADDED ENTRY--TOPICAL TERM
Topical term or geographic name entry element Women caregivers
General subdivision Psychology.
650 #0 - SUBJECT ADDED ENTRY--TOPICAL TERM
Topical term or geographic name entry element Women caregivers
General subdivision Social conditions.
650 #0 - SUBJECT ADDED ENTRY--TOPICAL TERM
Topical term or geographic name entry element Feminist theory.
776 08 - ADDITIONAL PHYSICAL FORM ENTRY
Relationship information Online version:
Main entry heading Gotby, Alva.
Title They call it love
Place, publisher, and date of publication London ; New York : Verso, 2023
International Standard Book Number 9781839767067
Record control number (DLC) 2022033523
906 ## - LOCAL DATA ELEMENT F, LDF (RLIN)
a 7
b cbc
c orignew
d 1
e ecip
f 20
g y-gencatlg
942 ## - ADDED ENTRY ELEMENTS (KOHA)
Source of classification or shelving scheme Dewey Decimal Classification
Koha item type BOOKs
Holdings
Withdrawn status Lost status Source of classification or shelving scheme Materials specified (bound volume or other part) Damaged status Not for loan Home library Current library Shelving location Date acquired Source of acquisition Cost, normal purchase price Total Checkouts Full call number Barcode Date last seen Date last checked out Price effective from Koha item type Public note
    Dewey Decimal Classification HB     . . General Stacks 05.06.2023 Purchased - Segment Book 1495.00 2 152.41 GOT 39173 30.09.2025 23.09.2025 05.06.2023 BOOKs Recommended by Dr. Atreyee Majumder